Living into the life of Jesus : (Record no. 21738)
[ view plain ]
| 000 -LEADER | |
|---|---|
| fixed length control field | 01893cam a22003494a 4500 |
| 001 - CONTROL NUMBER | |
| control field | 17097921 |
| 005 - DATE AND TIME OF LATEST TRANSACTION | |
| control field | 20260701102324.0 |
| 008 - FIXED-LENGTH DATA ELEMENTS--GENERAL INFORMATION | |
| fixed length control field | 111228s2012 ilu b 001 0 eng |
| 010 ## - LIBRARY OF CONGRESS CONTROL NUMBER | |
| LC control number | 2011051590 |
| 020 ## - INTERNATIONAL STANDARD BOOK NUMBER | |
| International Standard Book Number | 9780830838110 |
| 035 ## - SYSTEM CONTROL NUMBER | |
| System control number | 17097921 |
| 035 ## - SYSTEM CONTROL NUMBER | |
| System control number | (OCoLC)759909795 |
| 040 ## - CATALOGING SOURCE | |
| Original cataloging agency | DLC |
| Language of cataloging | eng |
| Transcribing agency | DLC |
| Modifying agency | YDX |
| -- | BTCTA |
| -- | YDXCP |
| -- | BDX |
| -- | BWX |
| -- | SGB |
| -- | DLC |
| 042 ## - AUTHENTICATION CODE | |
| Authentication code | pcc |
| 050 00 - LIBRARY OF CONGRESS CALL NUMBER | |
| Classification number | BV4511 |
| Item number | .I87 2012 |
| 082 00 - DEWEY DECIMAL CLASSIFICATION NUMBER | |
| Classification number | 248.4 |
| Edition number | 23 |
| 100 1# - MAIN ENTRY--PERSONAL NAME | |
| Personal name | Issler, Klaus Dieter. |
| 245 10 - TITLE STATEMENT | |
| Title | Living into the life of Jesus : |
| Remainder of title | the formation of Christian character / |
| Statement of responsibility, etc. | Klaus Issler ; foreword by Calvin Miller. |
| 260 ## - PUBLICATION, DISTRIBUTION, ETC. (IMPRINT) | |
| Place of publication, distribution, etc. | Downers Grove, Ill. : |
| Name of publisher, distributor, etc. | IVP Books, |
| Date of publication, distribution, etc. | c2012. |
| 300 ## - PHYSICAL DESCRIPTION | |
| Extent | 239 p. ; |
| Dimensions | 23 cm. |
| 504 ## - BIBLIOGRAPHY, ETC. NOTE | |
| Bibliography, etc | Includes bibliographical references and indexes. |
| 505 0# - FORMATTED CONTENTS NOTE | |
| Formatted contents note | Form your heart, not just your behavior -- Wake up to five formation gaps -- Adapt formation practices for your journey -- Love: divine relational support in Jesus' life and ours -- Holy spirit: divine mentoring in Jesus' life and ours -- Scripture: divine revelation of reality and a "Jesus" lifestyle -- Three exemplary Jesus practices about relationships -- Three exemplary Jesus practices about money and work. |
| 520 ## - SUMMARY, ETC. | |
| Summary, etc. | Klaus Issler derives insights from the life of Jesus in the Gospels to uncover the dynamics of becoming Christlike. You will discover how you can forge much deeper connections with Jesus so that his life begins to permeate your own character. --from publisher description |
| 600 00 - SUBJECT ADDED ENTRY--PERSONAL NAME | |
| Personal name | Jesus Christ |
| General subdivision | Example. |
| 650 #0 - SUBJECT ADDED ENTRY--TOPICAL TERM | |
| Topical term or geographic name as entry element | Spiritual formation. |
| 650 #0 - SUBJECT ADDED ENTRY--TOPICAL TERM | |
| Topical term or geographic name as entry element | Character |
| General subdivision | Religious aspects |
| -- | Christianity. |
| 583 ## - ACTION NOTE | |
| Action | Cataloguing: |
| Time/date of action | 20260701 |
| Action agent | mketermketer |
| 906 ## - LOCAL DATA ELEMENT F, LDF (RLIN) | |
| a | 7 |
| b | cbc |
| c | orignew |
| d | 1 |
| e | ecip |
| f | 20 |
| g | y-gencatlg |
| 942 ## - ADDED ENTRY ELEMENTS (KOHA) | |
| Source of classification or shelving scheme | Library of Congress Classification |
| Koha item type | General Collection |
| Withdrawn status | Lost status | Source of classification or shelving scheme | Not for loan | Home library | Current library | Shelving location | Date acquired | Source of acquisition | Inventory number | Total Checkouts | Full call number | Barcode | Date last seen | Copy number | Price effective from | Koha item type |
|---|---|---|---|---|---|---|---|---|---|---|---|---|---|---|---|---|
| Library of Congress Classification | Kabarak, Main Campus | Kabarak, Main Campus | General Stacks | 01/07/2026 | Donation | 2026/4002 | BV4511 .I87 2012 C.1 | 38206 | 01/07/2026 | C.1 | 01/07/2026 | General Collection |